LEADER 01243nam 2200421 450 001 9910807046303321 005 20200520144314.0 010 $a0-19-150176-X 035 $a(CKB)24235066300041 035 $a(MiAaPQ)EBC3422936 035 $a(MiAaPQ)EBC7037849 035 $a(Au-PeEL)EBL3422936 035 $a(CaPaEBR)ebr11306203 035 $a(CaONFJC)MIL493259 035 $a(OCoLC)937357996 035 $a(EXLCZ)9924235066300041 100 $a20190209d2011 uy 0 101 0 $aeng 135 $aur||||||||||| 181 $ctxt$2rdacontent 182 $cc$2rdamedia 183 $acr$2rdacarrier 200 10$aRevolutions that made the Earth /$fTim Lenton and Andrew Watson 210 1$aOxford :$cOxford University Press,$d2011. 215 $a1 online resource (xii, 423 pages) $cillustrations 320 $aIncludes bibliographical references and index. 606 $aGaia hypothesis 615 0$aGaia hypothesis. 676 $a550 700 $aLenton$b Tim$g(Timothy),$01162253 702 $aWatson$b A. J$g(Andrew J.), 801 0$bMiAaPQ 801 1$bMiAaPQ 801 2$bMiAaPQ 906 $aBOOK 912 $a9910807046303321 996 $aRevolutions that made the Earth$94120762 997 $aUNINA